Best Selling Video Game Franchises - Statistics

General Stats
  • This quiz has been taken 870 times
  • The average score is 4 of 10
Answer Stats
Sales Answer % Correct
450.22 m Mario
85%
100 m Call Of Duty
81%
125 m Grand Theft Auto
51%
219.28 m Pokemon
50%
100 m FIFA
32%
125 m Tetris
28%
192.76 m Wii
28%
102.04 m Final Fantasy
26%
100 m Need For Speed
11%
150 m The Sims
8%
No matching quizzes found
Score Distribution
Percent of People with Each Score
Percentile by Number Answered
Your Score History
You have not taken this quiz